000
00327nam a22001457a 4500
020
_a
81-7014-780-8
041
_a
ENG
100
_a
Maheshwari.S.N
245
_a
Management Accounting and Financial Analysis
250
_a
3rd
260
_a
New Delhi
_b
Sultan Chand & Sons
_c
2000
300
_a
G-26
650
_a
GAE
856
_u
GAE
999
_c
676
_d
676